00254nam a2200097Ia 4500001000800000005001700008008004100025020001800066245005400084260001800138127610620260417160441.0260417s9999 xx 000 0 und d a9786255888457 0aYanlışlıkla Seçilen KahramancÖmer Ünal bKetebe Genç